Arts & crafts: (Record no. 115062)
[ view plain ]
| 000 -LEADER | |
|---|---|
| fixed length control field | 00487nam a2200169 a 4500 |
| 005 - DATE AND TIME OF LATEST TRANSACTION | |
| control field | 20140414132121.0 |
| 008 - FIXED-LENGTH DATA ELEMENTS--GENERAL INFORMATION | |
| fixed length control field | 120822s19uu xx 00 eng d |
| 020 ## - INTERNATIONAL STANDARD BOOK NUMBER | |
| International Standard Book Number | 0865300909 |
| 050 ## - LIBRARY OF CONGRESS CALL NUMBER | |
| Classification number | TR 745 |
| Item number | F737 1983 |
| 100 ## - MAIN ENTRY--PERSONAL NAME | |
| Personal name | Forte, Omogene |
| 245 ## - TITLE STATEMENT | |
| Title | Arts & crafts: |
| Remainder of title | fromthings around the house. |
| 260 ## - PUBLICATION, DISTRIBUTION, ETC. (IMPRINT) | |
| Place of publication, distribution, etc | Nashville, Tennessee : |
| Name of publisher, distributor, etc | Incentive Publications, |
| Date of publication, distribution, etc | 1983. |
| 300 ## - PHYSICAL DESCRIPTION | |
| Extent | 79 |
| 440 ## - SERIES STATEMENT/ADDED ENTRY--TITLE | |
| Title | The Tabletop learning series |
| 650 ## - SUBJECT ADDED ENTRY--TOPICAL TERM | |
| Topical term or geographic name as entry element | Arts-home-decorative. |
| Withdrawn status | Lost status | Damaged status | Home library | Current library | Shelving location | Date acquired | Source of acquisition | Total Checkouts | Full call number | Barcode | Date last seen | Price effective from | Koha item type |
|---|---|---|---|---|---|---|---|---|---|---|---|---|---|
| Munich Library | Munich Library | Teachers Reference Section | 08/22/2012 | TR 745 F737 1983 | M7044 | 04/14/2014 | 04/14/2014 | Books |